Villes d'Autriche - Mort subite - Statistiques

Statistiques générales
  • Ce quiz a été pris 202 fois
    200 depuis la dernière actualisation
  • Le résultat moyen est 8 sur 20
Answers on the Grid
Answers color-coded by a green-red scale on the quiz's grid according to % correct below.
Bled
Bonn
Bregenz
Constance
Deutschlandsberg
Erlangen
Feldbach
Graz
Hall en Tyrol
Hallein
Heidelberg
Heilbronn
Innsbruck
Kapfenberg
Kitzbühel
Klagenfurt
Vancouver
Leipzig
Linz
Mödling
Munich
Salzbourg
Sankt Johann im Pongau
Sankt Pölten
Strasbourg
Stuttgart
Tokyo
Ulm
Venise
Vienne
Villach
Wels
Winterthour
Wolfsberg
Wurtzbourg
Zell am See
 
Statistiques - réponses
Réponse % Correct
Graz
80%
Salzbourg
72%
Vienne
72%
Innsbruck
70%
Linz
67%
Hall en Tyrol
55%
Sankt Pölten
48%
Klagenfurt
40%
Bregenz
38%
Kitzbühel
32%
Villach
30%
Wolfsberg
30%
Zell am See
26%
Sankt Johann im Pongau
25%
Feldbach
21%
Mödling
21%
Kapfenberg
19%
Wels
18%
Deutschlandsberg
13%
Hallein
13%
Aucun quiz correspondant
Distribution des résultats
% des personnes avec chaque résultat
Percentile par nombre de réponses
Votre historique - résultats
Vous n’avez pas pris ce quiz depuis la dernière actualisation